It's still the law /

Bibliographic Details
Main Author: Hyman, Dick, 1904-1995
Format: Book
Language:English
Published: New York : D. McKay Co., [1961]
Edition:[1st ed.].
Subjects:

MARC

Tag First Indicator Second Indicator Subfields
LEADER 00000cam a2200000 4500
001 in00000068937
005 20151008050851.0
008 770706s1961 nyu 00000 eng
010 |a  61007989  
035 |a (OCoLC)03096984 
035 |9 AAG3920AM 
040 |a DLC  |c OCP  |d TXA  |d UtOrBLW 
049 |a TXAM  |c [333412] 
082 0 |a 340.88 
090 |a KF387  |b .H9 1961 
092 |a 340.9  |b H996i 
100 1 |a Hyman, Dick,  |d 1904-1995. 
245 1 0 |a It's still the law /  |c Drawings by Otto Soglow. 
250 |a [1st ed.]. 
264 1 |a New York :  |b D. McKay Co.,  |c [1961] 
300 |a 127 pages :  |b illustrations ;  |c 20 cm. 
336 |a text  |b txt  |2 rdacontent 
337 |a unmediated  |b n  |2 rdamedia 
338 |a volume  |b nc  |2 rdacarrier 
650 0 |a Law  |v Miscellanea. 
650 0 |a Law  |v Anecdotes. 
999 |a MARS 
999 f f |s 5abf59e7-3f35-304a-9f28-a002ea23e726  |i ec99f476-14a0-3131-9670-3adee5f3acf4  |t 0 
952 f f |p ric  |a Texas A&M University  |b Rellis Campus  |c Joint Library Facility  |d Remote Storage  |t 0  |e KF387 .H9 1961  |h Library of Congress classification  |i unmediated -- volume  |m A14800780584 
998 f f |a KF387 .H9 1961  |t 0  |l Remote Storage